000 00420nam a2200181Ia 4500
001 1501
005 20260306143733.0
008 260306t2003||||xx |||||||||||||| ||spa||
041 _aESP
082 _a150.287
_bO43
100 _aOlea, Julio
_eAUT
245 0 _aTests adaptativos informatizados
260 _c2003
300 _a139 páginas :
_c21 cm.
650 _aGEN
654 _aCPS
942 _cLIB
_dJUS
_fJUS
_2ddc
_n
999 _c1501
_d1501